000 00459nam a2200181Ia 4500
001 24569
005 20260414151052.0
008 260414t2014||||xx |||||||||||||| ||spa||
041 _aESP
082 _a345.721
_bB141 V. 16
100 _aAlva Navarro, Esteban
_eAUT
245 0 _aArbitraje :
_bla anulación del laudo: Tercera parte
260 _c2014
300 _a315 páginas :
_c24 cm.
650 _aDER
654 _aCDE
942 _cLIB
_dJUS
_fJUS
_2ddc
_n
999 _c24569
_d24569